| Tag |
First Indicator |
Second Indicator |
Subfields |
| LEADER |
00000cam a2200000Ka 4500 |
| 001 |
in00003499921 |
| 006 |
m o d |
| 007 |
cr bn||||||abp |
| 007 |
cr bn||||||ada |
| 008 |
110805s1955 ne o 000 0 eng d |
| 005 |
20260423141759.4 |
| 019 |
|
|
|a 761805050
|
| 020 |
|
|
|a 9789401190992 (electronic bk.)
|
| 020 |
|
|
|a 9401190992 (electronic bk.)
|
| 020 |
|
|
|z 9789401183963
|
| 020 |
|
|
|z 9401183961
|
| 035 |
|
|
|a (OCoLC)745531528
|z (OCoLC)761805050
|
| 040 |
|
|
|a OCLCE
|b eng
|e pn
|c OCLCE
|d OCLCQ
|d GW5XE
|d OCLCF
|d OCLCQ
|d OCLCO
|d UtOrBLW
|
| 042 |
|
|
|a dlr
|
| 049 |
|
|
|a TXAM
|
| 050 |
|
4 |
|a Q175
|b .F785
|
| 082 |
0 |
4 |
|a 378.1 UKP
|
| 084 |
|
|
|a 86.52
|2 bcl
|
| 084 |
|
|
|a 86.59
|2 bcl
|
| 245 |
0 |
0 |
|a Freedom and restriction in science and its aspects in society :
|b congress promoted by the Netherlands University for the discussion of the subject : The Hague, 17 and 18 September, 1954.
|
| 264 |
|
1 |
|a The Hague :
|b Martinus Nijhoff,
|c 1955.
|
| 300 |
|
|
|a 1 online resource (xi, 196 pages)
|
| 336 |
|
|
|a text
|b txt
|2 rdacontent
|
| 337 |
|
|
|a computer
|b c
|2 rdamedia
|
| 338 |
|
|
|a online resource
|b cr
|2 rdacarrier
|
| 538 |
|
|
|a Master and use copy. Digital master created according to Benchmark for Faithful Digital Reproductions of Monographs and Serials, Version 1. Digital Library Federation, December 2002.
|u http://purl.oclc.org/DLF/benchrepro0212
|5 MiAaHDL
|
| 583 |
1 |
|
|a digitized
|c 2011
|h HathiTrust Digital Library
|l committed to preserve
|2 pda
|5 MiAaHDL
|
| 588 |
|
|
|a Description based on print version record.
|
| 500 |
|
|
|a Electronic resource.
|
| 650 |
|
0 |
|a Science
|v Congresses.
|
| 650 |
|
0 |
|a Freedom of information.
|
| 650 |
|
7 |
|a Freedom of information.
|2 fast
|0 (OCoLC)fst00934017
|
| 650 |
|
7 |
|a Science.
|2 fast
|0 (OCoLC)fst01108176
|
| 650 |
1 |
7 |
|a Vrijheid van onderwijs.
|2 gtt
|
| 650 |
1 |
7 |
|a Onderzoek.
|2 gtt
|
| 655 |
|
7 |
|a Electronic books.
|2 local
|
| 655 |
|
7 |
|a Conference proceedings.
|2 fast
|0 (OCoLC)fst01423772
|
| 710 |
2 |
|
|a SpringerLink (Online service)
|
| 776 |
1 |
8 |
|i Print version:
|t Freedom and restriction in science and its aspects in society.
|d The Hague : Martinus Nijhoff, 1955
|w (DLC) 83239136
|w (OCoLC)17070975
|
| 856 |
4 |
0 |
|u http://proxy.library.tamu.edu/login?url=https://link.springer.com/10.1007/978-94-011-9099-2
|z Connect to the full text of this electronic book
|t 0
|
| 994 |
|
|
|a 92
|b TXA
|
| 999 |
|
|
|a MARS
|
| 999 |
f |
f |
|s 6243cabe-66c9-3791-9938-a72fb398bb27
|i fa5fc51e-1485-3635-8de4-dc2fba20b0ae
|t 0
|
| 952 |
f |
f |
|a Texas A&M University
|b College Station
|c Electronic Resources
|s www_evans
|d Available Online
|t 0
|e Q175 .F785
|h Library of Congress classification
|
| 998 |
f |
f |
|a Q175 .F785
|t 0
|l Available Online
|